000 02672nam a2200217Ii 4500
008 221202s xx 000 0 und d
100 1 _aFry, Greg,
_eauthor
245 0 _aFraming the Islands
246 _aPower and Diplomatic Agency in Pacific Regionalism
264 _bANU Press
_c2019
300 _a1 online resource (418 pages)
336 _atext
_btxt
_2rdacontent
337 _acomputer
_bc
_2rdamedia
338 _aonline resource
_bcr
_2rdacarrier
520 _aSince its origins in late eighteenth-century European thought, the idea of placing a regional frame around the Pacific islands has never been just an exercise in geographical mapping. This framing has always been a political exercise. Contending regional projects and visions have been part of a political struggle concerning how Pacific islanders should live their lives. Framing the Islands tells the story of this political struggle and its impact on the regional governance of key issues for the Pacific such as regional development, resource management, security, cultural identity, political agency, climate change and nuclear involvement. It tells this story in the context of a changing world order since the colonial period and of changing politics within the post-colonial states of the Pacific. Framing the Islands argues that Pacific regionalism has been politically significant for Pacific island states and societies. It demonstrates the power associated with the regional arena as a valued site for the negotiation of global ideas and processes around development, security and climate change. It also demonstrates the political significance associated with the role of Pacific regionalism as a diplomatic bloc in global affairs, and as a producer of powerful policy norms attached to funded programs. This study also challenges the expectation that Pacific regionalism largely serves hegemonic powers and that small islands states have little diplomatic agency in these contests. Pacific islanders have successfully promoted their own powerful normative framings of Oceania in the face of the attempted hegemonic impositions from outside the region; seen, for example, in the strong commitment to the ‘Blue Pacific continent’ framing as a guiding ideology for the policy work of the Pacific Islands Forum in the face of pressures to become part of Washington’s Indo-Pacific strategy.
653 _aDiplomacy
653 _aPacific
653 _aRegionalism
856 _uhttps://library.oapen.org/bitstream/20.500.12657/23600/1/framing.pdfhttps://press.anu.edu.au/publications/series/pacific/framing-islandshttp://library.oapen.org/handle/20.500.12657/23600
942 _cE-BOOK
999 _c62657
_d62657